00295nam a2200109 a 450000500170000000800410001705000220005824500320008026000400011244000150015265000180016720140414132051.0110712s19uu xx 00 eng d aREF 031bCHI V.10 aChildcraft: Places to know. aChicago :bWorld Book, Inc.,c1987. aChildcraft afamous places